[Event "3. Wittelsbacher Weihnachts-Schach-Open"]
[Site "Kelheim"]
[Date "2014.12.28"]
[Round "3.65"]
[White "N?ckler, Alexander"]
[Black "Schilay, Erich"]
[Result "1-0"]
[WhiteElo "1947"]
[BlackElo "849"]
[PlyCount "87"]
[EventDate "2014.??.??"]
[WhiteTeam "SK Weiden"]
[BlackTeam "SK Neumarkt"]

1. c4 e5 2. Nc3 Nf6 3. Nf3 d6 4. d4 Nc6 5. d5 Ne7 6. e4 Bd7 7. Be2 Ng6 8. O-O
Be7 9. Be3 a6 10. h3 O-O 11. Qd2 c6 12. Qd3 c5 13. Nd2 b6 14. Bd1 Ne8 15. Ne2
f5 16. f4 fxe4 17. Nxe4 Nf6 18. f5 Nh8 19. Ng5 e4 20. Qd2 Nf7 21. Ne6 Bxe6 22.
fxe6 Ne5 23. b3 Kh8 24. Ng3 Rg8 25. Bc2 Qc7 26. Nxe4 Raf8 27. Bf4 Nxe4 28. Bxe4
Qd8 29. Rad1 g5 30. Bxe5+ dxe5 31. Rxf8 Qxf8 32. d6 Bf6 33. e7 Qb8 34. Rf1 Kg7
35. Bc6 Rc8 36. e8=Q Rxe8 37. Bxe8 Qxe8 38. Qd5 Qd7 39. a3 h6 40. b4 cxb4 41.
axb4 Kg6 42. c5 b5 43. c6 Qa7+ 44. Qc5 1-0

[Event "3. Wittelsbacher Weihnachts-Schach-Open"]
[Site "Kelheim"]
[Date "2014.12.28"]
[Round "3.66"]
[White "Grieneisen Pivatto, Vivian"]
[Black "Loebel, Petra"]
[Result "0-1"]
[WhiteElo "1133"]
[BlackElo "1787"]
[PlyCount "26"]
[EventDate "2014.??.??"]
[WhiteTeam "FSV Gro?enseebach"]
[BlackTeam "SC Noris-Tarrasch N?rnberg"]

1. e4 e6 2. d4 d5 3. e5 c5 4. Bb5+ Bd7 5. Bxd7+ Qxd7 6. Nf3 Nc6 7. Be3 cxd4 8.
Bxd4 Nxd4 9. Qxd4 Ne7 10. Nbd2 Nc6 11. Qf4 Nb4 12. Nd4 Rc8 13. c3 Nd3+ 0-1

[Event "3. Wittelsbacher Weihnachts-Schach-Open"]
[Site "Kelheim"]
[Date "2014.12.28"]
[Round "3.67"]
[White "Frei, Robert"]
[Black "Oberley, Karl-Heinz"]
[Result "1-0"]
[WhiteElo "1878"]
[BlackElo "1118"]
[PlyCount "47"]
[EventDate "2014.??.??"]
[WhiteTeam "TSV Mindelheim"]
[BlackTeam "SK Ingolstadt"]

1. e4 c5 2. c3 d6 3. d4 cxd4 4. cxd4 a6 5. Nc3 Nf6 6. Nf3 Qc7 7. h3 e6 8. Be3
Be7 9. Rc1 b5 10. Nxb5 Qxc1 11. Qxc1 O-O 12. Nc3 Bb7 13. Bd3 Rc8 14. Qd2 Nbd7
15. O-O Rc7 16. Qe2 e5 17. Rd1 exd4 18. Bxd4 Nc5 19. e5 Nh5 20. g3 g6 21. Bc4
Ng7 22. exd6 Bxd6 23. Bxg7 Bxf3 24. Qxf3 1-0

[Event "3. Wittelsbacher Weihnachts-Schach-Open"]
[Site "Kelheim"]
[Date "2014.12.28"]
[Round "3.68"]
[White "Boos-Guckes, Astrid"]
[Black "Broszeit, Peter"]
[Result "0-1"]
[WhiteElo "1078"]
[BlackElo "2012"]
[PlyCount "48"]
[EventDate "2014.??.??"]
[WhiteTeam "SV Worms"]
[BlackTeam "SV Erkenschwick"]

1. e4 e5 2. d4 Nc6 3. dxe5 Nxe5 4. Nf3 Qf6 5. Be2 Bb4+ 6. Nbd2 Ne7 7. O-O N7g6
8. c3 Bc5 9. b4 Bb6 10. Qc2 Nf4 11. Nc4 Nxe2+ 12. Qxe2 Nxc4 13. Qxc4 d6 14. Bb2
O-O 15. a4 a5 16. b5 Re8 17. Rfe1 Qg6 18. e5 Bg4 19. Qf4 Bxf3 20. Qxf3 dxe5 21.
Qxb7 Qc2 22. Rxe5 Qxb2 23. Rae1 Qxf2+ 24. Kh1 Qxe1+ 0-1

[Event "3. Wittelsbacher Weihnachts-Schach-Open"]
[Site "Kelheim"]
[Date "2014.12.28"]
[Round "3.69"]
[White "Meul, Willi"]
[Black "Grieneisen Pivatto, Marcus"]
[Result "1-0"]
[WhiteElo "1885"]
[BlackElo "1074"]
[Annotator "Doe,John"]
[PlyCount "37"]
[EventDate "2014.??.??"]
[WhiteTeam "SV H?rth-Berrenrath"]
[BlackTeam "FSV Gro?enseebach"]

1. d4 {[%emt 0:00:00]} d5 2. Nf3 Nf6 3. e3 Bf5 4. c4 e6 5. Qb3 g6 6. Nc3 c6 7.
Bd2 Nbd7 8. Rc1 Rc8 9. Be2 dxc4 10. Bxc4 b5 11. Be2 Ne4 12. O-O Nxd2 13. Nxd2
Nf6 14. Nxb5 Qb6 15. Qa4 Ra8 16. Na3 Rc8 17. Bf3 Kd7 18. Nac4 Qb5 19. Ne5+ 1-0

[Event "3. Wittelsbacher Weihnachts-Schach-Open"]
[Site "Kelheim"]
[Date "2014.12.28"]
[Round "3.70"]
[White "Meckel, Helmut"]
[Black "Grieneisen Pivatto, Tanja"]
[Result "1-0"]
[WhiteElo "1828"]
[BlackElo "1048"]
[PlyCount "87"]
[EventDate "2014.??.??"]
[WhiteTeam "SG Solingen"]
[BlackTeam "FSV Gro?enseebach"]

1. d4 d6 2. e4 Nc6 3. f4 e5 4. d5 Nce7 5. fxe5 dxe5 6. Nf3 f6 7. Bc4 Qd6 8. b3
c6 9. Ba3 c5 10. Qe2 a6 11. O-O Bd7 12. Nbd2 Nc8 13. Bb2 Bg4 14. Qf2 Nb6 15.
Nxe5 O-O-O 16. Nxg4 Be7 17. e5 Qd7 18. exf6 Nxf6 19. Nxf6 gxf6 20. Ne4 Nxd5 21.
Bxd5 Qxd5 22. Qf5+ Qxf5 23. Rxf5 Rhf8 24. Nxc5 Rd2 25. Nd3 Rg8 26. Rf2 Rxd3 27.
cxd3 Bc5 28. d4 Bb6 29. Rxf6 Ba5 30. a3 Re8 31. Raf1 Bd8 32. Rc1+ Kb8 33. Rf7
h6 34. Kf1 Bg5 35. Rc5 Bd8 36. d5 Bb6 37. Rc2 Rd8 38. d6 Ka7 39. d7 Ra8 40. Rc8
Be3 41. Rxa8+ Kxa8 42. d8=Q+ Ka7 43. Bd4+ Bxd4 44. Qxd4+ 1-0

[Event "3. Wittelsbacher Weihnachts-Schach-Open"]
[Site "Kelheim"]
[Date "2014.12.28"]
[Round "3.71"]
[White "M?hlich, Raphael"]
[Black "Karcher, Berthold"]
[Result "0-1"]
[WhiteElo "785"]
[BlackElo "1861"]
[PlyCount "76"]
[EventDate "2014.??.??"]
[WhiteTeam "SK Kelheim"]
[BlackTeam "MSA Zugzwang"]

1. e4 c5 2. Nc3 a6 3. Nf3 Nf6 4. Bc4 e6 5. d3 b5 6. Bb3 Be7 7. Bf4 Nc6 8. O-O
O-O 9. a3 Bb7 10. Qd2 Rc8 11. Ba2 h6 12. Rab1 d6 13. b4 Nd4 14. Nxd4 cxd4 15.
Ne2 e5 16. Bg3 Nh5 17. Rfc1 Bg5 18. f4 exf4 19. Nxf4 Nxg3 20. hxg3 Qd7 21. Qf2
Qg4 22. Rf1 Bf6 23. Rbe1 Be5 24. Bb3 Rc7 25. Re2 Bc8 26. Bd5 Kh7 27. Kh2 g6 28.
Rh1 g5 29. Nh3 Kg6 30. Ree1 h5 31. Kg1 Bxg3 32. Qf1 Bxe1 33. Qxe1 Rxc2 34. Rh2
Bd7 35. Bb3 Rc3 36. Bd1 Qe6 37. Qg3 Qxe4 38. Nf2 Qe1# 0-1

[Event "3. Wittelsbacher Weihnachts-Schach-Open"]
[Site "Kelheim"]
[Date "2014.12.28"]
[Round "3.72"]
[White "Krause, Karl-Heinz"]
[Black "Hofer, Jakob"]
[Result "1-0"]
[WhiteElo "1474"]
[BlackElo "784"]
[PlyCount "93"]
[EventDate "2014.??.??"]
[WhiteTeam "SK Landau-Dingolfing"]
[BlackTeam "SK Kelheim"]

1. e4 e5 2. Nc3 Nf6 3. Bc4 Bc5 4. h3 O-O 5. d3 d6 6. Nf3 Nc6 7. O-O h6 8. a3
Qe8 9. Be3 Bxe3 10. fxe3 Be6 11. Nd5 Bxd5 12. exd5 Na5 13. Ba2 c6 14. b4 cxd5
15. bxa5 Qa4 16. Nh2 Qxa5 17. Rxf6 gxf6 18. Bb3 Rac8 19. Qf3 Rc5 20. Rf1 a6 21.
Qxf6 Qd8 22. Qxh6 e4 23. Ng4 exd3 24. Nf6+ Qxf6 25. Qxf6 dxc2 26. Rc1 b5 27.
Rxc2 Rxc2 28. Bxc2 Re8 29. Qf5 Re5 30. Qg4+ Kf8 31. Qf4 Re6 32. h4 a5 33. h5 b4
34. axb4 axb4 35. h6 Rxh6 36. Qxh6+ Ke8 37. Qxd6 b3 38. Bxb3 f6 39. Qxd5 Ke7
40. Qe6+ Kd8 41. Qxf6+ Kd7 42. g4 Ke8 43. Qf7+ Kd8 44. g5 Kc8 45. g6 Kd8 46. g7
Kc8 47. g8=Q# 1-0

[Event "3. Wittelsbacher Weihnachts-Schach-Open"]
[Site "Kelheim"]
[Date "2014.12.28"]
[Round "4.1"]
[White "Müller, Richard"]
[Black "Plat, Vojtech"]
[Result "0-1"]
[WhiteElo "2155"]
[BlackElo "2432"]
[PlyCount "64"]
[EventDate "2014.??.??"]
[WhiteTeam "TuS Coswig"]
[BlackTeam "SK König Plauen"]

1. d4 d6 2. e4 Nf6 3. f3 c6 4. c4 Nbd7 5. Nc3 e5 6. Nge2 Be7 7. Be3 O-O 8. Qd2
exd4 9. Nxd4 d5 10. exd5 cxd5 11. cxd5 Nb6 12. Be2 Nfxd5 13. O-O Nxe3 14. Qxe3
Bc5 15. Rfd1 Nd5 16. Qd2 Nxc3 17. Qxc3 Qe7 18. Bc4 Rd8 19. Kh1 Qd6 20. Bxf7+
Kxf7 21. Qb3+ Be6 22. Nxe6 Qxe6 23. Qxb7+ Kg8 24. Re1 Qb6 25. Qe4 Bd4 26. Rab1
Rac8 27. b3 Qc6 28. Qf5 Bf6 29. h3 Qc2 30. Qe6+ Kh8 31. Kh2 h6 32. Qa6 Rd2 0-1

[Event "3. Wittelsbacher Weihnachts-Schach-Open"]
[Site "Kelheim"]
[Date "2014.12.28"]
[Round "4.2"]
[White "Pacher, Milan"]
[Black "Fuhrmann, Max"]
[Result "1-0"]
[WhiteElo "2432"]
[BlackElo "2143"]
[PlyCount "38"]
[EventDate "2014.??.??"]
[BlackTeam "SK Kelheim"]

1. d4 Nf6 2. c4 e6 3. Nc3 d5 4. cxd5 exd5 5. Bg5 c6 6. Qc2 Be7 7. e3 O-O 8. Bd3
Nbd7 9. Nge2 Re8 10. O-O Nf8 11. Rad1 Ng4 12. Bf4 Bg5 13. g3 h5 14. h3 h4 15.
Be5 Nxe5 16. dxe5 Rxe5 17. f4 Rxe3 18. fxg5 Qxg5 19. Nf4 Ne6 1-0

[Event "3. Wittelsbacher Weihnachts-Schach-Open"]
[Site "Kelheim"]
[Date "2014.12.28"]
[Round "4.3"]
[White "Müller, Christian"]
[Black "Wurzel, Andre"]
[Result "1/2-1/2"]
[WhiteElo "2166"]
[BlackElo "2243"]
[PlyCount "71"]
[EventDate "2014.??.??"]
[WhiteTeam "SC Windischeschenbach"]
[BlackTeam "SK Ingolstadt"]

1. e4 c5 2. Nc3 a6 3. f4 b5 4. Nf3 Bb7 5. d3 e6 6. g3 d5 7. Qe2 Nf6 8. e5 d4 9.
Nd1 Nd5 10. Bg2 Be7 11. O-O Nc6 12. Ng5 h5 13. Bh3 g6 14. Qe4 Bxg5 15. fxg5
Nde7 16. Qe2 Nf5 17. Bg2 Qc7 18. Nf2 Nce7 19. Bxb7 Qxb7 20. Ne4 Qc7 21. Qf3 Rd8
22. Bf4 Nd5 23. a4 Kf8 24. axb5 axb5 25. Nd6 Kg7 26. Ra3 b4 27. Ra4 Ra8 28.
Rfa1 Rxa4 29. Rxa4 Nxf4 30. Qxf4 Rd8 31. Ra6 Kg8 32. b3 Kg7 33. Qf3 Qe7 34. Qf4
Qc7 35. Qf3 Qe7 36. Qf4 1/2-1/2

[Event "3. Wittelsbacher Weihnachts-Schach-Open"]
[Site "Kelheim"]
[Date "2014.12.28"]
[Round "4.4"]
[White "Krivoborodov, Egor"]
[Black "Lechermann, Markus"]
[Result "1-0"]
[WhiteElo "2517"]
[BlackElo "2030"]
[PlyCount "89"]
[EventDate "2014.??.??"]
[WhiteTeam "SC Garching"]
[BlackTeam "MTV Ingolstadt"]

1. e4 c5 2. b3 Nc6 3. Bb2 e6 4. f4 a6 5. Nf3 d5 6. Nc3 d4 7. Ne2 Nf6 8. e5 Nd5
9. c4 dxc3 10. dxc3 Ne3 11. Qxd8+ Nxd8 12. Kf2 Nxf1 13. Rhxf1 Nc6 14. Ng3 Be7
15. Ne4 O-O 16. Rfd1 f6 17. c4 fxe5 18. fxe5 b5 19. Nd6 bxc4 20. Nxc4 a5 21.
Kg3 Ra7 22. Rac1 a4 23. Nd6 axb3 24. Rxc5 Bxd6 25. exd6 Bd7 26. axb3 Rb8 27.
Rd3 Rab7 28. Nd2 Nb4 29. Rf3 Nd5 30. Be5 Rc8 31. Ne4 Rb5 32. Rxb5 Bxb5 33. Bd4
Rf8 34. Rxf8+ Kxf8 35. Ng5 Ke8 36. Nxh7 g6 37. Nf6+ Nxf6 38. Bxf6 Kd7 39. Be5
Kc6 40. Kf4 Kd5 41. h4 Bc6 42. g4 Be8 43. h5 g5+ 44. Kxg5 Kxe5 45. h6 1-0

[Event "3. Wittelsbacher Weihnachts-Schach-Open"]
[Site "Kelheim"]
[Date "2014.12.28"]
[Round "4.5"]
[White "Eder Andreas"]
[Black "Pezerovic, Edin"]
[Result "0-1"]
[WhiteElo "1959"]
[BlackElo "2418"]
[PlyCount "111"]
[EventDate "2014.??.??"]
[WhiteTeam "SK Mostarrichi"]
[BlackTeam "Münchener SC"]

1. d4 d5 2. Bf4 Bf5 3. e3 e6 4. Nf3 Bd6 5. Bxd6 Qxd6 6. c3 Nf6 7. Nbd2 h6 8.
Qb3 b6 9. Ne5 O-O 10. Bd3 Bxd3 11. Nxd3 c5 12. Ne5 Nfd7 13. Ndf3 Nc6 14. Nxd7
Qxd7 15. Rd1 c4 16. Qc2 f5 17. Ne5 Nxe5 18. dxe5 f4 19. exf4 Rxf4 20. O-O Raf8
21. Qg6 Qe7 22. Rd4 b5 23. Rxf4 Rxf4 24. Rd1 Re4 25. Qh5 Qf7 26. Qxf7+ Kxf7 27.
Kf1 Rxe5 28. a4 a6 29. Ra1 Re4 30. axb5 axb5 31. Ra7+ Kf6 32. Rb7 e5 33. Rxb5
d4 34. cxd4 exd4 35. Rd5 d3 36. b3 cxb3 37. Rxd3 Rb4 38. Rd1 Ke5 39. Ke2 Re4+
40. Kf3 Rd4 41. Rb1 Rd3+ 42. Ke2 Kd4 43. h3 Rc3 44. Rb2 Kc4 45. Kd2 Kb4 46. g3
Rc7 47. Rb1 Rc2+ 48. Ke3 b2 49. g4 Kb3 50. g5 Ka2 51. Rd1 Rc1 52. Rd2 Kb3 53.
Rxb2+ Kxb2 54. gxh6 gxh6 55. Kf4 Rc4+ 56. Kg3 0-1

[Event "3. Wittelsbacher Weihnachts-Schach-Open"]
[Site "Kelheim"]
[Date "2014.12.28"]
[Round "4.6"]
[White "Böttger, Lukas"]
[Black "Maurer, Heinrich"]
[Result "0-1"]
[WhiteElo "2236"]
[BlackElo "2104"]
[PlyCount "46"]
[EventDate "2014.??.??"]
[WhiteTeam "TuS Coswig"]
[BlackTeam "SK Kelheim"]

1. d4 Nf6 2. c4 g6 3. Nc3 Bg7 4. e4 d6 5. f3 O-O 6. Be3 c6 7. Bd3 e5 8. d5 c5
9. Nge2 Ne8 10. Qd2 f5 11. exf5 gxf5 12. O-O-O a6 13. g4 b5 14. Rhg1 b4 15. Nb1
e4 16. fxe4 fxg4 17. Nf4 Qh4 18. Qe2 Ra7 19. Ne6 Bxe6 20. dxe6 h6 21. h3 Qxh3
22. e5 Bxe5 23. Be4 Qxe3+ 0-1

[Event "3. Wittelsbacher Weihnachts-Schach-Open"]
[Site "Kelheim"]
[Date "2014.12.28"]
[Round "4.7"]
[White "Reinhardt, Bernd"]
[Black "Blodig, Constantin"]
[Result "1/2-1/2"]
[WhiteElo "2225"]
[BlackElo "1972"]
[PlyCount "24"]
[EventDate "2014.??.??"]
[WhiteTeam "BG Buchen"]
[BlackTeam "SK Kelheim"]

1. d4 Nf6 2. Nf3 c5 3. e3 d5 4. Nbd2 e6 5. c3 Nc6 6. Bd3 Bd6 7. O-O O-O 8. dxc5
Bxc5 9. e4 e5 10. Qe2 d4 11. Bb5 dxc3 12. bxc3 Qc7 1/2-1/2

[Event "3. Wittelsbacher Weihnachts-Schach-Open"]
[Site "Kelheim"]
[Date "2014.12.28"]
[Round "4.8"]
[White "Eibl, Maximilian"]
[Black "Vilsmeier, Christian"]
[Result "1/2-1/2"]
[WhiteElo "2165"]
[BlackElo "1989"]
[PlyCount "118"]
[EventDate "2014.??.??"]
[WhiteTeam "SK Kelheim"]
[BlackTeam "DJK-Regensburg Nord"]

1. e4 d6 2. d4 Nf6 3. Nc3 g6 4. Bg5 Bg7 5. Qd2 c5 6. Nge2 O-O 7. O-O-O Nc6 8.
dxc5 dxc5 9. Qxd8 Rxd8 10. Rxd8+ Nxd8 11. f3 Nc6 12. Nf4 e6 13. Nd3 b6 14. Nb5
Ne8 15. c3 Ba6 16. Nf2 h6 17. Bf4 e5 18. Be3 Nd8 19. Bc4 Bxb5 20. Bxb5 Nc7 21.
Bc4 Nde6 22. Rd1 Rd8 23. Rxd8+ Nxd8 24. f4 h5 25. Nd3 Nc6 26. Bd5 exf4 27. Bxf4
Nxd5 28. exd5 Ne7 29. c4 Bf8 30. Ne5 Nc8 31. Nc6 a6 32. Kd2 Bd6 33. Ke3 Kg7 34.
b3 b5 35. Nb8 bxc4 36. bxc4 a5 37. Nc6 a4 38. Bxd6 Nxd6 39. Kd3 Kf6 40. g3 g5
41. Nb8 Ke7 42. Na6 Nb7 43. Nc7 Nd6 44. h3 g4 45. hxg4 hxg4 46. Na6 Nb7 47. Ke4
Kd6 48. Nb8 Na5 49. Nc6 Nxc4 50. Nd8 f5+ 51. Kxf5 Kxd5 52. Kxg4 Ne5+ 53. Kf4 c4
54. Ke3 Kc5 55. a3 c3 56. Ne6+ Kc4 57. Nd4 Ng4+ 58. Ke4 Nf6+ 59. Ke3 Ng4+
1/2-1/2

[Event "3. Wittelsbacher Weihnachts-Schach-Open"]
[Site "Kelheim"]
[Date "2014.12.28"]
[Round "4.9"]
[White "Baur, Stephan"]
[Black "Gießmann, Stephan"]
[Result "1-0"]
[WhiteElo "1938"]
[BlackElo "2266"]
[PlyCount "39"]
[EventDate "2014.??.??"]
[WhiteTeam "SK Kelheim"]
[BlackTeam "SK Kelheim"]

1. d4 d5 2. c4 e6 3. Nc3 c5 4. e3 Nf6 5. Nf3 Nc6 6. a3 Ne4 7. Bd3 Nxc3 8. bxc3
Bd6 9. h4 h6 10. Qe2 Bd7 11. g4 dxc4 12. Bxc4 e5 13. g5 e4 14. Nd2 Qe7 15. Bd5
hxg5 16. Nxe4 gxh4 17. Rb1 Bf5 18. Rxb7 Qxe4 19. Bxe4 Bxe4 20. Qg4 1-0

[Event "3. Wittelsbacher Weihnachts-Schach-Open"]
[Site "Kelheim"]
[Date "2014.12.28"]
[Round "4.10"]
[White "Link, Klaus"]
[Black "Sailer, Wolfgang"]
[Result "1/2-1/2"]
[WhiteElo "1927"]
[BlackElo "2205"]
[PlyCount "114"]
[EventDate "2014.??.??"]
[WhiteTeam "SK Klingenberg"]
[BlackTeam "SK Ingolstadt"]

1. e4 e6 2. d4 d5 3. Nc3 Nc6 4. Nf3 Nf6 5. e5 Ne4 6. a3 f6 7. exf6 Qxf6 8. Bd3
Nxc3 9. bxc3 Bd6 10. O-O O-O 11. Bg5 Qf7 12. Bh4 Qh5 13. Bg3 Bxg3 14. fxg3 Bd7
15. Qe2 Rae8 16. Rae1 e5 17. Nxe5 Rxf1+ 18. Qxf1 Nxe5 19. Rxe5 Rxe5 20. dxe5
Qxe5 21. Qf3 c5 22. h3 b5 23. Kf2 a5 24. Qe3 Qf6+ 25. Qf4 b4 26. cxb4 cxb4 27.
axb4 Qxf4+ 28. gxf4 a4 29. c3 a3 30. Bb1 Bb5 31. Ba2 Bc4 32. b5 Bxb5 33. Bxd5+
Kf8 34. g4 Ke7 35. Ke3 Kd6 36. Kd4 Bd7 37. Ba2 Be6 38. c4 h5 39. f5 Bd7 40. Bb3
hxg4 41. hxg4 Ba4 42. Kc3 Bc6 43. Kb4 Bf3 44. g5 Be4 45. f6 gxf6 46. gxf6 Ke6
47. Kxa3 Kxf6 48. Kb4 Ke5 49. c5 Bc6 50. Ka5 Kd4 51. Kb6 Bd7 52. Bd1 Be8 53.
Bf3 Ba4 54. Bc6 Bc2 55. Bf3 Ba4 56. Bh5 Bd7 57. c6 Bxc6 1/2-1/2

[Event "3. Wittelsbacher Weihnachts-Schach-Open"]
[Site "Kelheim"]
[Date "2014.12.28"]
[Round "4.11"]
[White "Steinmüller Günther"]
[Black "Schmitz, Björn"]
[Result "1/2-1/2"]
[WhiteElo "2193"]
[BlackElo "1851"]
[PlyCount "92"]
[EventDate "2014.??.??"]
[WhiteTeam "ASK St. Valentin"]
[BlackTeam "SV Saal/Donau"]

1. d4 Nf6 2. c4 e6 3. Nc3 c5 4. Nf3 d5 5. cxd5 exd5 6. Bg5 Be7 7. e3 cxd4 8.
Nxd4 O-O 9. Be2 Nc6 10. O-O Be6 11. Rc1 Rc8 12. Na4 Qd7 13. Nxc6 bxc6 14. Ba6
Rb8 15. a3 Rfe8 16. b4 Ng4 17. Bf4 Bd6 18. Qd4 f6 19. Nc5 Bxc5 20. Rxc5 Rb6 21.
Bd3 Bf5 22. Bxf5 Qxf5 23. Bc7 Ra6 24. Qc3 Re6 25. h3 Ne5 26. Bxe5 Qxe5 27. Rc1
Qxc3 28. R1xc3 Rb6 29. Ra5 Re7 30. Rac5 Re6 31. Rd3 f5 32. f3 g6 33. Kf2 Kf7
34. Ra5 Re7 35. Rc5 Re6 36. Rd4 Ra6 37. Rd3 Rb6 38. g4 Kf6 39. Ra5 Re7 40. gxf5
gxf5 41. Rd4 Ke5 42. Rh4 Rb5 43. Rxb5 cxb5 44. Ke2 Kf6 45. Rd4 Ke5 46. Kd3 h6
1/2-1/2

[Event "3. Wittelsbacher Weihnachts-Schach-Open"]
[Site "Kelheim"]
[Date "2014.12.28"]
[Round "4.12"]
[White "Bumes, Konrad"]
[Black "Boos, Patrick"]
[Result "1/2-1/2"]
[WhiteElo "1848"]
[BlackElo "2122"]
[PlyCount "87"]
[EventDate "2014.??.??"]
[WhiteTeam "SC Haar"]
[BlackTeam "SV Worms"]

1. d4 Nf6 2. c4 c5 3. d5 b5 4. cxb5 a6 5. Nc3 axb5 6. Nxb5 Ba6 7. Nc3 g6 8. g3
d6 9. e4 Bxf1 10. Kxf1 Bg7 11. Kg2 O-O 12. Nf3 Nbd7 13. Qe2 Ra7 14. Nd2 Qa8 15.
Nc4 Rb8 16. Bd2 Nb6 17. Nxb6 Rxb6 18. Rhb1 e6 19. Qd3 exd5 20. exd5 Ng4 21. f3
Ne5 22. Qe2 Re7 23. a3 Nc6 24. Qd3 Nd4 25. b4 cxb4 26. axb4 Qe8 27. Ra6 Rxa6
28. Qxa6 h5 29. Qd3 h4 30. b5 hxg3 31. hxg3 Nf5 32. Ne4 Qb8 33. b6 Rb7 34. Ba5
Bd4 35. g4 Ne3+ 36. Kg3 Bxb6 37. Qb5 Nc4 38. Qxc4 Bxa5 39. Rxb7 Qxb7 40. Qc6
Qe7 41. Qa8+ Bd8 42. g5 Kg7 43. Qa1+ Qe5+ 44. Qxe5+ 1/2-1/2

[Event "3. Wittelsbacher Weihnachts-Schach-Open"]
[Site "Kelheim"]
[Date "2014.12.28"]
[Round "4.13"]
[White "Bodenschatz, Josef"]
[Black "Weber, Daniel"]
[Result "1/2-1/2"]
[WhiteElo "1999"]
[BlackElo "2036"]
[PlyCount "156"]
[EventDate "2014.??.??"]
[WhiteTeam "TSV Kirchenlaibach"]
[BlackTeam "SC Bechhofen"]

1. f4 e5 2. d3 exf4 3. Bxf4 Qf6 4. Qc1 Bc5 5. Nf3 d6 6. e4 Bg4 7. Be2 Nc6 8.
Bg5 Qe6 9. Be3 Bxf3 10. Bxf3 Nd4 11. Bxd4 Bxd4 12. c3 Bb6 13. Qg5 Qf6 14. Qxf6
Nxf6 15. Nd2 c6 16. Nc4 Bc7 17. O-O-O O-O 18. g3 Rfe8 19. Rde1 Rad8 20. Kc2 d5
21. Nd2 dxe4 22. Nxe4 Nd5 23. d4 Bb6 24. Nd6 Ne3+ 25. Kd3 Rxd6 26. Rxe3 Rxe3+
27. Kxe3 Re6+ 28. Kd2 f5 29. Re1 Kf7 30. Rxe6 Kxe6 31. Kd3 g5 32. c4 g4 33. Bg2
Bd8 34. b4 Kd7 35. b5 cxb5 36. cxb5 b6 37. Bd5 h5 38. Ke3 Bg5+ 39. Kf2 h4 40.
Bc4 hxg3+ 41. hxg3 Be7 42. Bd3 Ke6 43. Bc4+ Kf6 44. Kg2 Bb4 45. Bg8 Bc3 46. d5
Bb4 47. Be6 Bd6 48. Bc8 Kg5 49. Be6 f4 50. gxf4+ Kxf4 51. Bc8 g3 52. Ba6 Ke5
53. Bb7 Kd4 54. Kf3 Kc4 55. Bc6 Kb4 56. Kg2 Ka3 57. Kf3 Kxa2 58. Kg2 Kb3 59.
Bb7 Kc4 60. Ba6 Kd4 61. Kf3 Kd3 62. Bb7 Kd4 63. Ba6 Kxd5 64. Bb7+ Kd4 65. Ba6
Kd3 66. Bb7 Kc3 67. Ba6 Kd4 68. Bb7 Kc5 69. Ba6 Kd5 70. Bb7+ Ke6 71. Ba6 Kf6
72. Bb7 Kg5 73. Ba6 Kh4 74. Kg2 Bc5 75. Bb7 Bd4 76. Ba6 Be3 77. Bc8 Bf2 78. Bd7
Kg5 1/2-1/2

[Event "3. Wittelsbacher Weihnachts-Schach-Open"]
[Site "Kelheim"]
[Date "2014.12.28"]
[Round "4.14"]
[White "Meulner, Klaus"]
[Black "Weiß, Thomas"]
[Result "1-0"]
[WhiteElo "2117"]
[BlackElo "1763"]
[PlyCount "79"]
[EventDate "2014.??.??"]
[WhiteTeam "SW Nürnberg Süd"]
[BlackTeam "SV Deggendorf"]

1. d4 d5 2. c4 c6 3. Nc3 dxc4 4. e3 Nf6 5. Bxc4 Bf5 6. Qb3 e6 7. Qxb7 Nbd7 8.
Qxc6 Bb4 9. Nge2 Rc8 10. Qb5 Rb8 11. Qa6 Qc7 12. Bb5 Bc2 13. Bd3 Nd5 14. Qc4
Bxd3 15. Qxd3 N7b6 16. O-O O-O 17. e4 Nxc3 18. bxc3 Bd6 19. e5 Be7 20. Qg3 Rfc8
21. Bh6 Bf8 22. Rfc1 Qc4 23. Nf4 Kh8 24. Bg5 Na4 25. h4 Nxc3 26. d5 exd5 27.
Rc2 d4 28. Re1 Re8 29. e6 Rb6 30. e7 Bxe7 31. Bxe7 Qc7 32. Ng6+ hxg6 33. Qxc7
Nd5 34. Qd7 Rxe7 35. Rxe7 Nxe7 36. Qxe7 Rb1+ 37. Kh2 Rd1 38. Rc8+ Kh7 39. Qf8
g5 40. h5 1-0

[Event "3. Wittelsbacher Weihnachts-Schach-Open"]
[Site "Kelheim"]
[Date "2014.12.28"]
[Round "4.15"]
[White "Braun, Michael"]
[Black "Heiler, Karl"]
[Result "1/2-1/2"]
[WhiteElo "2027"]
[BlackElo "1876"]
[PlyCount "34"]
[EventDate "2014.??.??"]
[WhiteTeam "SG Büchenbach/Roth"]
[BlackTeam "TG Biberach"]

1. d4 c5 2. Nf3 cxd4 3. Nxd4 d5 4. c4 Nf6 5. cxd5 Qxd5 6. Nc3 Qh5 7. g3 Bh3 8.
Ndb5 Na6 9. Bxh3 Qxh3 10. Nd5 Nxd5 11. Qxd5 Qd7 12. Qxd7+ Kxd7 13. Be3 e5 14.
O-O Bc5 15. Rfd1+ Kc6 16. Bxc5 Nxc5 17. Nc3 Rhd8 1/2-1/2

[Event "3. Wittelsbacher Weihnachts-Schach-Open"]
[Site "Kelheim"]
[Date "2014.12.28"]
[Round "4.16"]
[White "Lutter, Maximilian"]
[Black "Simons, Peter"]
[Result "1-0"]
[WhiteElo "1764"]
[BlackElo "2043"]
[PlyCount "97"]
[EventDate "2014.??.??"]
[WhiteTeam "SK Neumarkt"]
[BlackTeam "Rheinbacher SF"]

1. d4 Nf6 2. c4 c5 3. d5 b5 4. cxb5 a6 5. bxa6 g6 6. Nc3 Bxa6 7. e4 Bxf1 8.
Kxf1 d6 9. Nf3 Bg7 10. g3 Nbd7 11. h3 O-O 12. Kg2 Ne8 13. Qe2 Nc7 14. Bg5 Re8
15. h4 Qc8 16. h5 e6 17. hxg6 hxg6 18. Qd2 exd5 19. exd5 Ne5 20. Nxe5 Bxe5 21.
Bf4 Qf5 22. Bxe5 Rxe5 23. Qh6 Qf6 24. Nb5 Nxb5 25. Qh7+ Kf8 26. Qh8+ Ke7 27.
Qxa8 Nd4 28. Qb7+ Kf8 29. Qc8+ Re8 30. Qg4 Re2 31. Qf4 Nf5 32. g4 Ne3+ 33. Kg3
Qxf4+ 34. Kxf4 Nxd5+ 35. Kg3 Rxb2 36. a4 Rb3+ 37. f3 g5 38. Rh2 Ke7 39. a5 Rb7
40. Rh5 Kf6 41. Rh6+ Ke7 42. Rd1 Nc3 43. Rdxd6 Rb2 44. Rb6 Ra2 45. a6 Ne2+ 46.
Kf2 Nf4+ 47. Ke1 Ne6 48. Rb7+ Kd6 49. a7 1-0

[Event "3. Wittelsbacher Weihnachts-Schach-Open"]
[Site "Kelheim"]
[Date "2014.12.28"]
[Round "4.17"]
[White "Bergmayr Karl"]
[Black "Nussbaumer Johann"]
[Result "1/2-1/2"]
[WhiteElo "1874"]
[BlackElo "2041"]
[PlyCount "45"]
[EventDate "2014.??.??"]
[WhiteTeam "ASK St. Valentin"]
[BlackTeam "ASK St. Valentin"]

1. c4 f5 2. d4 Nf6 3. Nf3 g6 4. g3 Bg7 5. Bg2 O-O 6. Nc3 d6 7. O-O Nc6 8. b3 e5
9. e3 e4 10. Ne1 h5 11. f3 Re8 12. Nc2 a5 13. a4 d5 14. Rb1 Bf8 15. f4 Be6 16.
c5 Bd7 17. Re1 Kg7 18. b4 axb4 19. Nxb4 Nxb4 20. Rxb4 b6 21. Rb1 bxc5 22. dxc5
Bxc5 23. Nxd5 1/2-1/2

[Event "3. Wittelsbacher Weihnachts-Schach-Open"]
[Site "Kelheim"]
[Date "2014.12.28"]
[Round "4.18"]
[White "Pfenning, Uwe"]
[Black "Popp, Michael"]
[Result "0-1"]
[WhiteElo "1804"]
[BlackElo "2071"]
[PlyCount "66"]
[EventDate "2014.??.??"]
[WhiteTeam "SG Ludwigsburg"]
[BlackTeam "TV Geiselhöring"]

1. e4 c6 2. d4 g6 3. f4 d5 4. e5 Qb6 5. Nf3 Bg4 6. Be2 e6 7. c3 c5 8. Nbd2 Nh6
9. Qb3 Qc7 10. O-O Nc6 11. h3 Bxf3 12. Nxf3 cxd4 13. cxd4 Nf5 14. Rd1 h5 15.
Bb5 Qb6 16. Bxc6+ bxc6 17. Qxb6 axb6 18. Bd2 c5 19. Bc3 Be7 20. a3 Kd7 21. Kf2
h4 22. b4 Ra4 23. Rdb1 Kc6 24. bxc5 bxc5 25. Rb3 c4 26. Rb2 Rha8 27. Rab1 R8a7
28. Bb4 Bxb4 29. axb4 Kb5 30. Ke1 Ra1 31. Rxa1 Rxa1+ 32. Kd2 Ra3 33. Ng5 c3+
0-1

[Event "3. Wittelsbacher Weihnachts-Schach-Open"]
[Site "Kelheim"]
[Date "2014.12.28"]
[Round "4.19"]
[White "Grasser, Martin"]
[Black "Seitner, Ralf"]
[Result "1/2-1/2"]
[WhiteElo "1895"]
[BlackElo "2110"]
[PlyCount "44"]
[EventDate "2014.??.??"]
[WhiteTeam "Regensb. Turnerschaft"]
[BlackTeam "SK Ingolstadt"]

1. e4 Nf6 2. Nc3 d5 3. e5 Nfd7 4. d4 e6 5. f4 c5 6. Nf3 Nc6 7. Be3 a6 8. Ne2
cxd4 9. Nexd4 Be7 10. c3 Nc5 11. Be2 Ne4 12. Nd2 Nxd4 13. Bxd4 f5 14. O-O O-O
15. Nxe4 fxe4 16. Qb3 Qa5 17. Kh1 b5 18. a3 Bd7 19. Qc2 Qc7 20. Qd2 Bc5 21.
Rac1 Rac8 22. Qe3 Rf7 1/2-1/2